00858nas a2200265 4500001001300000003000900013005001700022007000300039008003400042040005400076041000900130072001300139100001700152100001800169100001900187100001700206245012100223650001300344650002200357650001000379650002000389650001100409773010400420856006800524BR2015001414BR-BrBNA20231205125103.0ta230509b bl.|||p| |||| 00| 00por d aBR-BrBNAbporcBiblioteca Nacional de Agricultura a(Pt) aF01; Q521 aFerreira, M.1 aMachado, L.C.1 aFerreira, W.M.1 aSilva, J. da1 aParte aérea de diferentes cultivares de mandioca como fonte de fibra para utilização na alimentação animal aMANDIOCA aMANIHOT ESCULENTA aFUNGO aNUTRICAO ANIMAL aCOELHO0 tRevista Raízes e Amidos Tropicais (Brazil)xISSN 1808-981Xg(2011), v. 7(1) p. 1-11wBR201500141440uhttp://energia.fca.unesp.br/index.php/rat/article/view/1074/427